Steam Tables With Mollier Diagram (Record no. 164835)

MARC details
000 -LEADER
fixed length control field 00444nam a2200181Ia 4500
008 - FIXED-LENGTH DATA ELEMENTS--GENERAL INFORMATION
fixed length control field 230612s9999 xx 000 0 und d
041 ## - LANGUAGE CODE
Language code of text/sound track or separate title eng
082 ## - DEWEY DECIMAL CLASSIFICATION NUMBER
Classification number 621.1 KHU
100 ## - MAIN ENTRY--PERSONAL NAME
Personal name Khurmi R.S.
9 (RLIN) 141538
245 ## - TITLE STATEMENT
Title Steam Tables With Mollier Diagram
260 ## - PUBLICATION, DISTRIBUTION, ETC. (IMPRINT)
Date of publication, distribution, etc. 1991
Name of publisher, distributor, etc. S. Chand
300 ## - PHYSICAL DESCRIPTION
Extent 32
365 ## - TRADE PRICE
Currency code Rs.
Price amount 8.00
500 ## - GENERAL NOTE
Keywords D.
700 ## - ADDED ENTRY--PERSONAL NAME
Personal name Khurmi R.S.
9 (RLIN) 141538
906 ## - LOCAL DATA ELEMENT F, LDF (RLIN)
d B:06-Jan-1992
c ETC
Holdings
Withdrawn status Lost status Damaged status Not for loan Home library Current library Date acquired Vendor Budget Code Cost, normal purchase price Bill number Total Checkouts Full call number Barcode Date last seen Cost, replacement price Bill Date Koha item type Original Barcode
        Cummins College of Engineering for Women Pune Cummins College of Engineering for Women Pune 26/03/1992 Varma Book Distributors ETC 8.00 22786   621.1 KHU CCEP-BK-552 12/06/2023 8.00 06/01/1992 Books 000552